| 000 | 00722cam a2200253 4500 | ||
|---|---|---|---|
| 001 | J3105 | ||
| 008 | 090401t1995 xxu||||| |||| 00| 0 eng d | ||
| 035 | _a(Sirsi) u53058 | ||
| 041 | _aeng | ||
| 050 | _a333.33 | ||
| 110 |
_aHM Land Registry _91247 |
||
| 245 | _aResidential property price report. - January - March 1995 - October - December 1995 | ||
| 260 |
_aLondon _bHM Land Registry _c1995 |
||
| 300 | _a4 pt. ; 30cm. | ||
| 350 | _a0 | ||
| 520 | _aTo be published quarterly. | ||
| 650 | _aHOUSE PRICES | ||
| 650 | _aHOUSING MARKET | ||
| 650 | _aPRICES | ||
| 650 |
_aRESIDENTIAL PROPERTY _96266 |
||
| 690 | _aPROPERTY-RESIDENTIAL PROPERTY-RESIDENTIAL PROPERTY MARKET | ||
| 942 | _n0 | ||
| 948 | _c04/03/1997 | ||
| 999 |
_c93215 _d93215 |
||